LEADER 01515oam 2200529zu 450 001 9910140042603321 005 20241212215741.0 010 $a9781509068029 010 $a1509068023 010 $a9781424449583 010 $a1424449588 035 $a(CKB)1000000000812325 035 $a(SSID)ssj0000452836 035 $a(PQKBManifestationID)12175921 035 $a(PQKBTitleCode)TC0000452836 035 $a(PQKBWorkID)10480670 035 $a(PQKB)10101804 035 $a(NjHacI)991000000000812325 035 $a(Association for Computing Machinery)10.5555/1936810 035 $a(EXLCZ)991000000000812325 100 $a20160829d2009 uy 101 0 $aeng 135 $aur||||||||||| 181 $ctxt 182 $cc 183 $acr 200 10$a2009 IEEE/ACM International Symposium on Nanoscale Architectures 210 31$a[Place of publication not identified]$cI E E E$d2009 215 $a1 online resource 225 1 $aACM Conferences 300 $aBibliographic Level Mode of Issuance: Monograph 311 08$a9781424449576 311 08$a142444957X 410 0$aACM Conferences 517 3 $aNANOARCH '09 606 $aNanoelectronics$vCongresses 606 $aNanostructured materials 615 0$aNanoelectronics 615 0$aNanostructured materials. 676 $a621.381 702 $aIEEE Staff 712 02$aACM Digital Library. 801 0$bPQKB 906 $aPROCEEDING 912 $a9910140042603321 996 $a2009 IEEE$92188592 997 $aUNINA